| 000 -LEADER |
| fixed length control field |
00536nam a22001815i 4500 |
| 003 - CONTROL NUMBER IDENTIFIER |
| control field |
OSt |
| 005 - DATE AND TIME OF LATEST TRANSACTION |
| control field |
20240716154254.0 |
| 008 - FIXED-LENGTH DATA ELEMENTS--GENERAL INFORMATION |
| fixed length control field |
220119s2022 mau 000 0 eng |
| 020 ## - INTERNATIONAL STANDARD BOOK NUMBER |
| International Standard Book Number |
9783035625127 |
| Qualifying information |
(hardcover) |
| 040 ## - CATALOGING SOURCE |
| Original cataloging agency |
DLC |
| Language of cataloging |
eng |
| Description conventions |
rda |
| Transcribing agency |
DLC |
| 042 ## - AUTHENTICATION CODE |
| Authentication code |
pcc |
| 082 ## - DEWEY DECIMAL CLASSIFICATION NUMBER |
| Classification number |
624.183 |
| 245 00 - TITLE STATEMENT |
| Title |
Miracles in concrete : |
| Remainder of title |
structural engineer August Komendant / |
| Statement of responsibility, etc |
Estonian Museum of Architecture. |
| 263 ## - PROJECTED PUBLICATION DATE |
| Projected publication date |
2204 |
| 300 ## - PHYSICAL DESCRIPTION |
| Extent |
pages cm |
| 710 2# - ADDED ENTRY--CORPORATE NAME |
| Corporate name or jurisdiction name as entry element |
Estonian Museum of Architecture (Boston, Massachusetts), |
| Relator term |
editor. |
| 942 ## - ADDED ENTRY ELEMENTS (KOHA) |
| Source of classification or shelving scheme |
|